Anxiety disorders comorbid with depression: panic disorder and agoraphobia (Record no. 329995)
[ view plain ]
| 000 -LEADER | |
|---|---|
| fixed length control field | 01222cam a2200337 a 4500 |
| 001 - CONTROL NUMBER | |
| control field | 12829169 |
| 003 - CONTROL NUMBER IDENTIFIER | |
| control field | NUST |
| 005 - DATE AND TIME OF LATEST TRANSACTION | |
| control field | 20180117090027.0 |
| 008 - FIXED-LENGTH DATA ELEMENTS--GENERAL INFORMATION | |
| fixed length control field | 020620s2003 maua b 001 0 eng |
| 010 ## - LIBRARY OF CONGRESS CONTROL NUMBER | |
| LC control number | 2002009821 |
| 020 ## - INTERNATIONAL STANDARD BOOK NUMBER | |
| International Standard Book Number | 0632059389 |
| 035 ## - SYSTEM CONTROL NUMBER | |
| System control number | (DNLM)101148251 |
| 040 ## - CATALOGING SOURCE | |
| Original cataloging agency | DNLM/DLC |
| Transcribing agency | DLC |
| Modifying agency | DLC |
| 042 ## - AUTHENTICATION CODE | |
| Authentication code | pcc |
| 050 00 - LIBRARY OF CONGRESS CALL NUMBER | |
| Classification number | RC531 |
| Item number | .A6118 2003 |
| 060 10 - NATIONAL LIBRARY OF MEDICINE CALL NUMBER | |
| Classification number | WM 172 |
| Item number | A63719 2002 |
| 082 00 - DEWEY DECIMAL CLASSIFICATION NUMBER | |
| Classification number | 616.85/223 |
| Edition number | 21 |
| 245 00 - TITLE STATEMENT | |
| Title | Anxiety disorders comorbid with depression: panic disorder and agoraphobia |
| Statement of responsibility, etc. | David Nutt |
| 260 ## - PUBLICATION, DISTRIBUTION, ETC. | |
| Place of publication, distribution, etc. | UK |
| Name of publisher, distributor, etc. | Lundbeck Institute |
| Date of publication, distribution, etc. | 2002. |
| 300 ## - PHYSICAL DESCRIPTION | |
| Extent | 111 p. : |
| Other physical details | ill. ; |
| Dimensions | 18 cm. |
| 504 ## - BIBLIOGRAPHY, ETC. NOTE | |
| Bibliography, etc. note | Includes bibliographical references and index. |
| 650 #0 - SUBJECT ADDED ENTRY--TOPICAL TERM | |
| Topical term or geographic name entry element | Anxiety. |
| 9 (RLIN) | 1920 |
| 650 12 - SUBJECT ADDED ENTRY--TOPICAL TERM | |
| Topical term or geographic name entry element | Anxiety Disorders. |
| 9 (RLIN) | 1921 |
| 650 22 - SUBJECT ADDED ENTRY--TOPICAL TERM | |
| Topical term or geographic name entry element | Anxiety Disorders |
| General subdivision | drug therapy. |
| 9 (RLIN) | 1922 |
| 700 1# - ADDED ENTRY--PERSONAL NAME | |
| Personal name | Nutt, David J., |
| Dates associated with a name | 1951- |
| 9 (RLIN) | 1923 |
| 700 1# - ADDED ENTRY--PERSONAL NAME | |
| Personal name | Ballenger, James C. |
| 9 (RLIN) | 1924 |
| 906 ## - LOCAL DATA ELEMENT F, LDF (RLIN) | |
| a | 7 |
| b | cbc |
| c | orignew |
| d | 1 |
| e | ecip |
| f | 20 |
| g | y-gencatlg |
| 942 ## - ADDED ENTRY ELEMENTS (KOHA) | |
| Source of classification or shelving scheme | |
| Koha item type | Book |
| Withdrawn status | Lost status | Source of classification or shelving scheme | Damaged status | Not for loan | Collection code | Permanent Location | Current Location | Shelving location | Date acquired | Total Checkouts | Full call number | Barcode | Date last seen | Price effective from | Koha item type |
|---|---|---|---|---|---|---|---|---|---|---|---|---|---|---|---|
| Central Library (CL) | Central Library (CL) | General Stacks | 06/02/2017 | 616.85/223 NUT | S3H-D-249 | 06/02/2017 | 06/02/2017 | Book |
